The Spirit's sword. (Record no. 3787)

000 -LEADER
fixed length control field 00557nam a2200181 a 4500
001 - CONTROL NUMBER
control field :::00001522$&:&@@
003 - CONTROL NUMBER IDENTIFIER
control field OkBaRHE
005 - DATE AND TIME OF LATEST TRANSACTION
control field 20000607103244.0
008 - FIXED-LENGTH DATA ELEMENTS--GENERAL INFORMATION
fixed length control field s1949 j 000 0 eng u
040 ## - CATALOGING SOURCE
Transcribing agency
100 1# - MAIN ENTRY--PERSONAL NAME
Personal name Archibald, R. T.
245 14 - TITLE STATEMENT
Title The Spirit's sword.
260 ## - PUBLICATION, DISTRIBUTION, ETC. (IMPRINT)
Place of publication, distribution, etc Chicago, IL., :
Name of publisher, distributor, etc Inter-Varsity Christian Fellowship
Date of publication, distribution, etc c1949
300 ## - PHYSICAL DESCRIPTION
Extent 42 p. ;
Dimensions 17 cm.
650 ## - SUBJECT ADDED ENTRY--TOPICAL TERM
Topical term or geographic name as entry element Bible
General subdivision Study
-- Outlines, Syllabi, etc.
942 ## - ADDED ENTRY ELEMENTS (KOHA)
Source of classification or shelving scheme
Koha item type Books
Copies
Shelving location Date last seen Lost status Price effective from Source of classification or shelving scheme Koha item type Not for loan Copy number Date acquired Withdrawn status Barcode Full call number Permanent Location Damaged status Current Location
General Stacks2018-02-27 2010-04-14 Books 12010-04-14 1522BS 600 .A7RHEMA Bible Training College RHEMA Bible Training College